000 00240 a2200109 4500
001 62946
082 _a358.40956 CLA
090 _c37260
_d37260
100 _aClency, Tom
245 _aEvery Man a Tiger
_hEnglish
260 _bPAN Books
942 _aCAE NUST
_k358.40956 CLA
999 _c298019
_d298019